01086 2200349 4500001002100000005001500021035002000036007000300056008004100059020002200100040002200122082001400144084001600158090001900174100002900193245009900222250002800321300004600349440003300395650003500428700003100463700002500494700002300519700002000542850001200562264004800574336002100622337003000643338002300673990002000696990002000716INLIS00000000087474620221012114651 a0010-1022000189ta221012s2018 jbia g ind d a978-979-055-526-6 aYOPDYOGbinderda04223a595.7 a595.7 RAN d aPK 595.7 RAN d0 aRani Yuliantyepengarang10aDunia serangga /cRani Yulianty; penyunting, Syamsu Arramly; ilustrator, Ade Wawa, Ridwan, Tio aCetakan kedua, Mei 2018 a29 halaman :bilustrasi berwarna ;c27 cm aMy first questions & answers 4aSerangga--xBacaan kanak-kanak0 aSyamsu Arramlyepenyunting0 aAde Wawaeilustrator0 aRidwaneilustrator0 aTioeilustrator aYOPDYOG31aBandung :bSygma Creative Media Corp,c2018 2rdacontentateks 2rdamediaatanpa perantara 2rdacarrieravolume a69449-PD/A.2022 a69450-PD/A.2022